6 Letter Country Match-Up Quiz Stats

 Plays Quiz Updated Mar 13, 2018

Challenge
Share
Tweet
Score 0/31 Timer 04:00
10 Plays Today
% Correct
FR
93.5%
RW
86.7%
UG
85.7%
ZA
84.5%
PO
82.7%
RU
82%
SW
81.1%
CY
80.6%
GR
80.3%
CA
79.5%
NO
78.4%
IS
76.1%
AN
76%
BR
75.9%
JO
75.3%
KO
72.5%
% Correct
BH
72%
KU
70.7%
TU
70.6%
GU
69.9%
ME
67.3%
TU
67.1%
LA
67%
BE
65.4%
PA
65.2%
MO
59.2%
BR
58.6%
MA
58.5%
GU
57.7%
SE
54.6%
TA
47.3%

You're not logged in!

Compare scores with friends on all Sporcle quizzes.
Join for Free
OR
Log In

You Might Also Like...

Show Comments

Extras

Top Quizzes Today


Score Distribution

Your Account Isn't Verified!

In order to create a playlist on Sporcle, you need to verify the email address you used during registration. Go to your Sporcle Settings to finish the process.

Report this User

Report this user for behavior that violates our Community Guidelines.

Details: